|
|
|
|
| LEADER |
01712nam a2200469 a 4500 |
| 001 |
nkc20092025891 |
| 003 |
CZ PrNK |
| 005 |
20100308095457.0 |
| 007 |
ta |
| 008 |
091215s2009 xr f p 000 0 cze |
| 015 |
|
|
|a cnb002025891
|
| 020 |
|
|
|a 978-80-86708-88-1
|q (brož.)
|
| 035 |
|
|
|a (OCoLC)551400619
|
| 040 |
|
|
|a OLA001
|b cze
|
| 072 |
|
7 |
|a 37
|x Výchova a vzdělávání
|2 Konspekt
|9 22
|
| 072 |
|
7 |
|a 37.016
|x Učební osnovy. Vyučovací předměty. Učebnice
|2 Konspekt
|9 22
|
| 080 |
|
|
|a 37.02
|2 MRF
|
| 080 |
|
|
|a 377
|2 MRF
|
| 080 |
|
|
|a (048.8)
|2 MRF
|
| 080 |
|
|
|a (075)
|2 MRF
|
| 100 |
1 |
|
|a Zlámal, Jiří
|7 jn20001227648
|4 aut
|
| 245 |
1 |
0 |
|a Praktická didaktika :
|b (monografie) /
|c Jiří Zlámal
|
| 260 |
|
|
|a České Budějovice :
|b Vysoká škola evropských a regionálních studií,
|c 2009
|
| 300 |
|
|
|a 224 s. ;
|c 21 cm
|
| 490 |
1 |
|
|a Studia ;
|v 4/2009
|
| 500 |
|
|
|a 15 výt.
|
| 504 |
|
|
|a Obsahuje bibliografii a bibliografické odkazy
|
| 650 |
0 |
7 |
|a didaktika
|7 ph114316
|2 czenas
|
| 650 |
0 |
7 |
|a odborné vzdělávání
|7 ph115558
|2 czenas
|
| 650 |
0 |
9 |
|a teaching
|2 eczenas
|
| 650 |
0 |
9 |
|a vocational education
|2 eczenas
|
| 655 |
|
7 |
|a monografie
|7 fd132842
|2 czenas
|
| 655 |
|
7 |
|a učebnice
|7 fd133770
|2 czenas
|
| 655 |
|
9 |
|a monographs
|2 eczenas
|
| 655 |
|
9 |
|a textbooks
|2 eczenas
|
| 810 |
2 |
|
|a Vysoká škola evropských a regionálních studií.
|t Studia
|0 s
|
| 856 |
4 |
1 |
|u http://www.digitalniknihovna.cz/mzk/uuid/uuid:6576d420-2ea7-11e4-8e0d-005056827e51
|y Digitalizovaný dokument
|x NDK
|
| 910 |
2 |
|
|a BOA001
|b 2-1238.494
|
| 990 |
|
|
|a BK
|
| 995 |
|
|
|a 01
|
| 991 |
|
|
|b 201003
|c NOV
|j 37 ZLÁ
|
| 996 |
6 |
|
|b 2610411390
|c 2-1238.494
|l MZK
|r Sklad / do 1 hodiny
|n 10
|p p.v.
|w 001107546
|u 000010
|a 1
|e BOA001
|j MZK50
|s P
|